000 00710nam a2200217Ia 4500
001 7252
003 GE_BSU
008 181216s||||||||xx |||||||||||||| ||und||
040 _cGE_BSU
080 _a621.313(075.8)
100 _aБрускин,Д.Э. Зорохович,А.Е. Хвостов,В.С.
245 _aЭлектрические машины и микромашины.
245 _bУчеб. пособие.
245 _cРед. С.М.Оводова.
260 _aМ.
260 _bВысш. школа.
260 _c1971.
300 _a432стр.22см.с илл.библиогр.:стр.426.
653 _aЭлектрические машины и микромашины.
942 _cBK
999 _c40625
_d40625